000 01037nam a22003017a 4500
003 CHAP
005 20220329141014.0
008 971013s1996 r 00010 d
010 _a61192
011 _a62164
035 _a66338
040 _cCHAP
090 _aTesis
100 0 0 _aNava Melquiades, Gabino.
_980455
245 _aSusceptibilidad del haba (Vicia faba L.) al herbicida imazethapyr aplicado en tres dosis y dos épocas en Chapingo, México
260 _aChapingo, Méx. :
_bEl autor,
_c1996
300 _a58 h.
502 _aTesis (Ing. Agr. Esp. en Parasitología Agrícola) -- UACH. Departamento de Parasitología Agricola
590 _aALEPH
_b10
_c20130110
_lUCH01
_h1340
590 _aBATCH-UPD
_b10
_c20130110
_lUCH01
_h0253
590 _aCONVERSION
_b10
_c20130109
_lUCH01
_h1333
650 1 4 _aHaba
_xMalas hierbas.
_952113
650 1 4 _aHerbicidas.
_953691
901 _aBK
942 _cFOLL
949 _bBC
_cTES
_d-151513
_eTS1
_h29488
_i66338
_si
949 _bBC
_cTES
_d33724000621918
_eTS2
_fc.2
_h29489
_i66338
_si
999 _c61192
_d61192